Archivo Pons Artxiboa/ (Record no. 1931)

MARC details
000 -LEADER
campo de control de longitud fija 00791nam a22002417a 4500
005 - FECHA Y HORA DE LA ÚLTIMA TRANSACCIÓN
campo de control 20220902202238.0
008 - DATOS DE LONGITUD FIJA--INFORMACIÓN GENERAL
campo de control de longitud fija 220902b |||||||| |||| 00| 0 eng d
020 ## - NÚMERO INTERNACIONAL ESTÁNDAR DEL LIBRO
Número Internacional Estándar del Libro 84-7907-383-7
040 ## - FUENTE DE CATALOGACIÓN
Centro/agencia transcriptor Biblioteca Lado V
050 ## - SIGNATURA TOPOGRÁFICA DE LA BIBLIOTECA DEL CONGRESO
Número de clasificación 703 AM524a
Número de ítem 004827
082 ## - NÚMERO DE LA CLASIFICACIÓN DECIMAL DEWEY
Número de clasificación 703
Número de ítem AM524a
100 ## - ENTRADA PRINCIPAL--NOMBRE DE PERSONA
Nombre de persona Amor, Monica
245 ## - MENCIÓN DEL TÍTULO
Título Archivo Pons Artxiboa/
260 ## - PUBLICACIÓN, DISTRIBUCIÓN, ETC.
Lugar de publicación, distribución, etc. Pais Vasco
Nombre del editor, distribuidor, etc. Gráficas Txuri-Urdin, S.A.
Fecha de publicación, distribución, etc. 2003
300 ## - DESCRIPCIÓN FÍSICA
Extensión 279p.
Dimensiones 18x25cm
650 ## - PUNTO DE ACCESO ADICIONAL DE MATERIA--TÉRMINO DE MATERIA
Fuente del encabezamiento o término Tesauro de Arte & Arquitectura
Término de materia o nombre geográfico como elemento de entrada CATALOGO
650 ## - PUNTO DE ACCESO ADICIONAL DE MATERIA--TÉRMINO DE MATERIA
Fuente del encabezamiento o término Tesauro de Arte & Arquitectura
Término de materia o nombre geográfico como elemento de entrada PAIS VASCO
650 ## - PUNTO DE ACCESO ADICIONAL DE MATERIA--TÉRMINO DE MATERIA
Fuente del encabezamiento o término Tesauro de Arte & Arquitectura
Término de materia o nombre geográfico como elemento de entrada ARTE
700 ## - ENTRADA AGREGADA--NOMBRE PERSONAL
Nombre de persona Basualdo, Carlos
Término indicativo de función/relación coautor
700 ## - ENTRADA AGREGADA--NOMBRE PERSONAL
Nombre de persona Merewether, Charles
Término indicativo de función/relación coautor
700 ## - ENTRADA AGREGADA--NOMBRE PERSONAL
Nombre de persona Katzenstein, Inés
Término indicativo de función/relación coautora
942 ## - ELEMENTOS DE ENTRADA SECUNDARIOS (KOHA)
Fuente del sistema de clasificación o colocación Clasificación Decimal Dewey
Tipo de ítem Koha Libros
Parte de la signatura que corresponde a la clasificación (Parte de la clasificación) 703 AM524a
Suprimir en OPAC No
Holdings
Estatus retirado Estado de pérdida Fuente del sistema de clasificación o colocación Estado de daño No para préstamo Biblioteca de origen Biblioteca actual Fecha de adquisición Número de inventario Total de préstamos Signatura topográfica completa Código de barras Visto por última vez Precio de reemplazo Tipo de ítem Koha
    Clasificación Decimal Dewey     Biblioteca LadoV Biblioteca LadoV 02/09/2022 004827   703 AM524a 004827 02/09/2022 02/09/2022 Libros